| 000 | 01017nam a2200301 i 4500 | ||
|---|---|---|---|
| 003 | EG-GICUC | ||
| 005 | 20260430150526.0 | ||
| 008 | 260430s1900 fr a f |||| 00| 0 fre d | ||
| 040 |
_aEG-GiCUC _bfre _cEG-GiCUC _dEG-GiCUC _eRda |
||
| 041 | _afre | ||
| 082 | 0 | 4 |
_221 _a343.66 _bPE . C |
| 092 | 0 | 4 | _221 |
| 099 | _aLaw1 10 343.66 PE . C 1900 1011381 C1 | ||
| 100 | 1 |
_aPerrier, Charles _eAuteur |
|
| 245 | 1 | 4 |
_aLes Criminels : _bEtude Concernant Såg Condamnés / _cPar Charles Perrier. |
| 264 | 1 |
_aLyon , _aParis : _bA. Storck Et C. Eotecas : _bMasson Et Loitera, _c 1900. |
|
| 300 |
_a378 page : _billustration ; _c24 cm. |
||
| 336 |
_2rda contenu _a texte |
||
| 337 |
_2rda medias _aOrdinateur |
||
| 338 |
_2 transporteur rda _a Ressource en ligne |
||
| 490 | 0 |
_3Bibliothèque De Criminologie ; _v22 |
|
| 546 | _aTexte en français | ||
| 650 | 1 | 4 | _aDroit pénal |
| 650 | 1 | 4 |
_aCriminels _xCondamnés |
| 856 | 4 | 0 | _uhttps://fll.law.cu.edu.eg/fulltext/bks/B10-11381.pdf |
| 905 | _a164 | ||
| 942 |
_2ddc _cBK _e21 _n0 |
||
| 999 |
_c74554 _d74554 |
||